<?xml version="1.0" encoding="UTF-8"?>
<record
    xmlns:xsi="http://www.w3.org/2001/XMLSchema-instance"
    xsi:schemaLocation="http://www.loc.gov/MARC21/slim http://www.loc.gov/standards/marcxml/schema/MARC21slim.xsd"
    xmlns="http://www.loc.gov/MARC21/slim">

  <leader>02075nam a2200193 a 4500</leader>
  <controlfield tag="008">180306e1998    ck ||||g |||| 00| f spa d</controlfield>
  <datafield tag="020" ind1=" " ind2=" ">
    <subfield code="a">9580443912</subfield>
  </datafield>
  <datafield tag="041" ind1=" " ind2=" ">
    <subfield code="a">spa</subfield>
  </datafield>
  <datafield tag="092" ind1=" " ind2=" ">
    <subfield code="c">808</subfield>
    <subfield code="l">77</subfield>
    <subfield code="s">SAN</subfield>
  </datafield>
  <datafield tag="100" ind1="1" ind2=" ">
    <subfield code="a">Santa Ana, Antonio</subfield>
    <subfield code="9">4204</subfield>
  </datafield>
  <datafield tag="245" ind1="4" ind2=" ">
    <subfield code="a">Los ojos del perro siberiano /</subfield>
    <subfield code="c">Antonio Santa Ana</subfield>
  </datafield>
  <datafield tag="250" ind1=" " ind2=" ">
    <subfield code="a">1a ed.</subfield>
  </datafield>
  <datafield tag="260" ind1=" " ind2=" ">
    <subfield code="a">Colombia:</subfield>
    <subfield code="b">Norma;</subfield>
    <subfield code="c">1998.</subfield>
  </datafield>
  <datafield tag="300" ind1=" " ind2=" ">
    <subfield code="a">135 p.</subfield>
  </datafield>
  <datafield tag="500" ind1=" " ind2=" ">
    <subfield code="a">Santa Ana, A. (1998). Los ojos del perro siberiano. (1a ed.). Colombia : Norma.</subfield>
  </datafield>
  <datafield tag="505" ind1=" " ind2=" ">
    <subfield code="a">La historia la cuenta un chico que est&#xE1; a punto de viajar hacia otro pa&#xED;s y desea desprenderse de toda la carga de su historia y la de su hermano fallecido. Entre su hermano mayor, que es el que ha fallecido, se llamaba Ezequiel, el era 13 a&#xF1;os m&#xE1;s grande. Su padre era un hombre muy riguroso e inflexible y sus energ&#xED;as estaban enfocadas en sus negocios. Su madre, una mujer que dedicaba todas sus atenciones a sus plantas que cultivaba en su casa. Viv&#xED;an en una muy confortable y grande casa en San Isidro cerca del r&#xED;o. Ezequiel era el primog&#xE9;nito y por sus caracter&#xED;sticas f&#xED;sicas ojos azules pelo negro, deportista y por haber sido durante muchos a&#xF1;os hijo &#xFA;nico era el preferido de los padres. El hermano menor, en cambio, ten&#xED;a ojos y pelo marr&#xF3;n y no hab&#xED;a sido un hijo deseado, por lo tanto permanec&#xED;a al margen de muchos asuntos que involucraban a la familia, en especial cuando comenzaron los problemas por la rebeld&#xED;a de Ezequiel. La novia de Ezequiel hab&#xED;a quedado embarazada y &#xE9;l desafi&#xF3; a sus padres y a los amigos de sus padres, neg&#xE1;ndose a casar con su novia que interrumpi&#xF3; su embarazo. Despu&#xE9;s Ezequiel enferm&#xF3; de SIDA y sus padres rompieron toda relaci&#xF3;n con &#xE9;l y evitaron que los dos hermanos se comunicaran. Contaron a sus amistades que Ezequiel estaba enfermo de leucemia, ya que les parec&#xED;a menos vergonzoso para la familia. Descubrir que su hermano est&#xE1; enfermo de sida lleva al narrador de esta novela a reflexionar sobre la vida, la muerte, la discriminaci&#xF3;n y la soledad.</subfield>
  </datafield>
  <datafield tag="655" ind1=" " ind2=" ">
    <subfield code="a">Literatura</subfield>
    <subfield code="9">2917</subfield>
  </datafield>
  <datafield tag="942" ind1=" " ind2=" ">
    <subfield code="2">ddc</subfield>
    <subfield code="c">LIT</subfield>
  </datafield>
  <datafield tag="999" ind1=" " ind2=" ">
    <subfield code="c">3191</subfield>
    <subfield code="d">3191</subfield>
  </datafield>
  <datafield tag="952" ind1=" " ind2=" ">
    <subfield code="0">0</subfield>
    <subfield code="1">0</subfield>
    <subfield code="2">ddc</subfield>
    <subfield code="4">0</subfield>
    <subfield code="7">0</subfield>
    <subfield code="a">BFM</subfield>
    <subfield code="b">BFM</subfield>
    <subfield code="c">CR</subfield>
    <subfield code="d">2024-08-14</subfield>
    <subfield code="e">Donaci&#xF3;n Constanzo Juan Carlos, Agosto 2024.</subfield>
    <subfield code="l">0</subfield>
    <subfield code="o">808 77 SAN</subfield>
    <subfield code="p">4894</subfield>
    <subfield code="r">2024-08-14</subfield>
    <subfield code="t">Ej.1</subfield>
    <subfield code="w">2024-08-14</subfield>
    <subfield code="y">LIT</subfield>
    <subfield code="z">Donaci&#xF3;n Constanzo Juan Carlos, Agosto 2024.</subfield>
    <subfield code="f"></subfield>
  </datafield>
</record>
